00780nam a2200193 a 450000100100000000500170001000800410002704000250006808200190009310000290011224500710014126000480021230000280026065000280028865000310031691000380034795201860038599900150057100000915320240412074210.0090928s1923 dr r 000 0 spa d aDO-SdBNPbspacBNPHU aRD861.3bP433c1 aPerdomo, Apolinar92381710aCantos de Apolo /cApolinar Perdomo; prólogo J. Tomás Mejía. aSanto Domingo :bRafael V. Montalvo,c1923. a136 p. :bil. ;c22 cm. 0aPoesía dominicana966 0aLiteratura dominicana.967 aValidado. Control de calidad. MFF 001050718RVaPDbPDcHDd2009-09-28iLF1l0oRD861.3 P433cp9153-10r2020-06-25w2020-06-25y1zPerteneció a la biblioteca personal de Carlos Larrazábal Blanco.ZNo se presta c8917d8917